Aktuellen Verein anhand des Spielers erraten - Statistiken

Allgemein
  • Dieses Quiz wurde 337 mal gespielt
    292 seit der letzten Aktualisierung
  • Das Durchschnittsergebnis liegt bei 9 aus 15
Antwortstatistiken
Spieler Verein des Spielers % Korrekt
Robert Andrich Bayer Leverkusen
98%
Niclas Füllkrug Borussia Dortmund
85%
Warren Zaïre-Emery PSG
73%
Robin Gosens Union Berlin
73%
Ben White Arsenal
72%
Raheem Sterling Chelsea
71%
Joelinton Newcastle
60%
Viktor Gyökeres Sporting Lissabon
59%
Florian Neuhaus Mönchengladbach
55%
Bremer Juventus Turin
51%
Takefusa Kubo Real Sociedad
44%
Pedro Neto Wolverhampton
38%
Kaoru Mitoma Brighton & Hove Albion
28%
Endrick Palmeiras
27%
Facundo Medina RC Lens
25%
Keine übereinstimmenden Quizze gefunden
Verteilung der Resultate
Anzahl Personen mit jedem Resultat
Perzentil nach korrekt beantworteten Fragen
Ihre Resultats-Entwicklung
Sie haben dieses Quiz seit der letzten Aktualisierung nicht gespielt